000 00454nmm a2200145Ia 4500
008 251105s9999||||xx |||||||||||||||||und||
041 _aspa
100 _aBarby, Ralph
245 0 _aMemoria: latitud 41, 25 N. Longitud 2,10 E. (Escuela en el cosmos)
264 _a[Madrid, España] :
_bEquipo Sirius,
_c2012
300 _a173 páginas
650 _aScience fiction & Fantasy
856 _uhttps://public.digitaliapublishing.com/a/70053
942 _cCF
999 _c104494
_d104494